[Event "2nd Gujarat Open 2019"]
[Site "Ahmedabad, Gujarat"]
[Date "2019.09.25"]
[Round "6.32"]
[White "Adarsh Tripathi"]
[Black "Sobh, Amrou"]
[Result "1/2-1/2"]
[WhiteElo "1915"]
[BlackElo "2172"]
[Annotator "NA"]
[PlyCount "97"]
[EventDate "2019.09.22"]
[EventType "swiss"]
[EventCountry "IND"]
[SourceTitle "playchess.com"]
[Source "ChessBase"]
[SourceQuality "1"]
[TimeControl "5400+30"]

1. d4 {[%emt 0:00:00]} Nf6 {[%emt 0:02:31]} 2. Nf3 {[%emt 0:00:00]} e6 {[%emt 0:01:50]} 3. e3 {[%emt 0:00:00]} c5 {[%emt 0:00:33]} 4. b3 {[%emt 0:00:00]} b6 {[%emt 0:01:11]} 5. Bb2 {[%emt 0:00:21]} Bb7 {[%emt 0:00:37]} 6. Bd3 {[%emt 0:00:09]} cxd4 {[%emt 0:00:54]} 7. exd4 {[%emt 0:00:07]} Be7 {[%emt 0:00:18]} 8. O-O {[%emt 0:00:24]} O-O {[%emt 0:00:06]} 9. Nbd2 {[%emt 0:00:04]} d6 {[%emt 0:00:19]} 10. Re1 {[%emt 0:00:07]} Nbd7 {[%emt 0:00:13]} 11. c4 {[%emt 0:00:07]} Re8 {[%emt 0:00:42]} 12. Rc1 {[%emt 0:00:19]} Nf8 {[%emt 0:01:53]} 13. Ne4 {[%emt 0:01:35]} Nxe4 {[%emt 0:03:30]} 14. Bxe4 {[%emt 0:00:07]} Bxe4 {[%emt 0:00:34]} 15. Rxe4 {[%emt 0:00:05]} d5 {[%emt 0:00:09]} 16. Re1 {[%emt 0:00:20]} dxc4 {[%emt 0:01:53]} 17. bxc4 {[%emt 0:00:06]} Ng6 {[%emt 0:01:23]} 18. d5 {[%emt 0:04:08]} Bf6 {[%emt 0:02:00]} 19. Bxf6 {[%emt 0:01:26]} Qxf6 {[%emt 0:00:15]} 20. dxe6 {[%emt 0:00:34]} Rxe6 {[%emt 0:00:36]} 21. c5 {[%emt 0:00:59]} Rd8 {[%emt 0:01:17]} 22. Qa4 {[%emt 0:00:29]} bxc5 {[%emt 0:05:08]} 23. Rxe6 {[%emt 0:00:07]} Qxe6 {[%emt 0:00:50]} 24. Qxa7 {[%emt 0:00:09]} Qd5 {[%emt 0:12:18]} 25. h3 {[%emt 0:03:45]} Rc8 {[%emt 0:02:02]} 26. Qa6 {[%emt 0:00:19]} Qd7 {[%emt 0:01:08]} 27. Qc4 {[%emt 0:00:28]} h6 {[%emt 0:01:08]} 28. Re1 {[%emt 0:00:13]} Qc7 {[%emt 0:03:35]} 29. Rc1 {[%emt 0:02:22]} Qf4 {[%emt 0:01:58]} 30. a4 {[%emt 0:00:54]} Qxc4 {[%emt 0:01:03]} 31. Rxc4 {[%emt 0:00:06]} Kf8 {[%emt 0:00:09]} 32. Nd2 {[%emt 0:01:18]} Ne5 {[%emt 0:00:51]} 33. Rc3 {[%emt 0:00:39]} Ke7 {[%emt 0:00:58]} 34. Re3 {[%emt 0:01:25]} Kd6 {[%emt 0:02:59]} 35. Ne4+ {[%emt 0:00:05]} Kd7 {[%emt 0:00:52]} 36. f4 {[%emt 0:00:39]} Ng6 {[%emt 0:01:23]} 37. Rc3 {[%emt 0:01:01]} Nxf4 {[%emt 0:02:19]} 38. Nxc5+ {[%emt 0:00:15]} Ke7 {[%emt 0:01:01]} 39. Re3+ {[%emt 0:00:27]} Kd6 {[%emt 0:01:56]} 40. Ne4+ {[%emt 0:01:28]} Kd5 {[%emt 0:01:05]} 41. Nf2 {[%emt 0:01:13]} Rc1+ {[%emt 0:05:19]} 42. Kh2 {[%emt 0:00:38]} Ra1 {[%emt 0:00:12]} 43. Rf3 {[%emt 0:00:59]} Rxa4 {[%emt 0:02:11]} 44. g3 {[%emt 0:00:03]} Ne6 {[%emt 0:01:17]} 45. Rxf7 {[%emt 0:00:11]} Ra2 {[%emt 0:00:25]} 46. h4 {[%emt 0:00:33]} Rc2 {[%emt 0:02:41]} 47. Kh3 {[%emt 0:00:45]} Rc7 {[%emt 0:00:43]} 48. Rxc7 {[%emt 0:00:23]} Nxc7 {[%emt 0:00:01]} 49. Kg4 1/2-1/2

[Event "2nd Gujarat Open 2019"]
[Site "Ahmedabad, Gujarat"]
[Date "2019.09.25"]
[Round "6.33"]
[White "Sparsh Khandelwal"]
[Black "Harshita Guddanti"]
[Result "1/2-1/2"]
[WhiteElo "1868"]
[BlackElo "2168"]
[Annotator "NA"]
[PlyCount "109"]
[EventDate "2019.09.22"]
[EventType "swiss"]
[EventCountry "IND"]
[SourceTitle "playchess.com"]
[Source "ChessBase"]
[SourceQuality "1"]
[TimeControl "5400+30"]

1. e4 {[%emt 0:00:00]} e5 {[%emt 0:00:10]} 2. Bc4 {[%emt 0:00:11]} Nf6 {[%emt 0:00:13]} 3. d3 {[%emt 0:00:05]} Bc5 {[%emt 0:00:24]} 4. Nc3 {[%emt 0:00:08]} Nc6 {[%emt 0:00:43]} 5. h3 {[%emt 0:00:22]} a6 {[%emt 0:00:44]} 6. Nge2 {[%emt 0:00:30]} h6 {[%emt 0:00:52]} 7. O-O {[%emt 0:00:05]} d6 {[%emt 0:00:51]} 8. Be3 {[%emt 0:00:51]} Bxe3 {[%emt 0:01:05]} 9. fxe3 {[%emt 0:00:05]} Na5 {[%emt 0:06:30]} 10. Nd5 {[%emt 0:02:32]} Nxc4 {[%emt 0:02:06]} 11. Nxf6+ {[%emt 0:00:06]} gxf6 {[%emt 0:00:04]} 12. dxc4 {[%emt 0:00:03]} Be6 {[%emt 0:04:28]} 13. b3 {[%emt 0:00:12]} Qd7 {[%emt 0:08:59]} 14. Ng3 {[%emt 0:09:03]} O-O-O {[%emt 0:06:08]} 15. Kh2 {[%emt 0:01:55]} Rdg8 {[%emt 0:02:41]} 16. Nh5 {[%emt 0:15:12]} Rg6 {[%emt 0:03:41]} 17. Qf3 {[%emt 0:00:44]} Qd8 {[%emt 0:03:43]} 18. Rf2 {[%emt 0:01:38]} Qf8 {[%emt 0:04:21]} 19. a4 {[%emt 0:01:14]} Rg5 {[%emt 0:01:09]} 20. Rg1 {[%emt 0:01:21]} f5 {[%emt 0:02:24]} 21. exf5 {[%emt 0:00:10]} Rxf5 {[%emt 0:00:47]} 22. Qe2 {[%emt 0:00:10]} Rxf2 {[%emt 0:02:30]} 23. Qxf2 {[%emt 0:00:03]} f5 {[%emt 0:01:11]} 24. Rf1 {[%emt 0:00:05]} Qf7 {[%emt 0:02:23]} 25. Qh4 {[%emt 0:00:39]} Qg6 {[%emt 0:08:18]} 26. Qf6 {[%emt 0:05:19]} Qxf6 {[%emt 0:01:17]} 27. Nxf6 {[%emt 0:00:04]} c6 {[%emt 0:01:43]} 28. Nh5 {[%emt 0:01:51]} Rh7 {[%emt 0:08:25]} 29. Rd1 {[%emt 0:00:53]} Kc7 {[%emt 0:03:23]} 30. Nf6 {[%emt 0:00:06]} Rh8 {[%emt 0:01:05]} 31. Rf1 {[%emt 0:00:46]} Rf8 {[%emt 0:01:18]} 32. Nh5 {[%emt 0:00:05]} Rf7 {[%emt 0:01:33]} 33. Ng3 {[%emt 0:01:28]} b6 {[%emt 0:01:11]} 34. Rf2 {[%emt 0:00:17]} d5 {[%emt 0:01:34]} 35. cxd5 {[%emt 0:01:12]} cxd5 {[%emt 0:00:06]} 36. Kg1 {[%emt 0:01:11]} Kd6 {[%emt 0:02:36]} 37. Kf1 {[%emt 0:02:28]} f4 {[%emt 0:02:14]} 38. exf4 {[%emt 0:00:04]} Rxf4 {[%emt 0:00:31]} 39. Rxf4 {[%emt 0:01:25]} exf4 {[%emt 0:00:06]} 40. Ne2 {[%emt 0:00:03]} Ke5 {[%emt 0:01:43]} 41. Kf2 {[%emt 0:00:52]} d4 {[%emt 0:01:53]} 42. Nc1 {[%emt 0:00:21]} Ke4 {[%emt 0:04:34]} 43. Ke2 {[%emt 0:01:11]} Bf7 {[%emt 0:01:05]} 44. Kd2 {[%emt 0:07:00]} f3 {[%emt 0:05:15]} 45. gxf3+ {[%emt 0:00:04]} Kxf3 {[%emt 0:00:08]} 46. Ne2 {[%emt 0:00:04]} h5 {[%emt 0:02:43]} 47. Nxd4+ {[%emt 0:00:20]} Kg3 {[%emt 0:00:17]} 48. Ke3 {[%emt 0:00:37]} Kxh3 {[%emt 0:01:18]} 49. c4 {[%emt 0:00:39]} Kg2 {[%emt 0:01:21]} 50. Nf5 {[%emt 0:00:36]} Be6 {[%emt 0:00:27]} 51. Ng7 {[%emt 0:00:06]} Bg4 {[%emt 0:00:17]} 52. Nxh5 {[%emt 0:00:02]} Bxh5 {[%emt 0:00:18]} 53. b4 {[%emt 0:00:33]} Be8 {[%emt 0:00:35]} 54. b5 {[%emt 0:00:53]} axb5 {[%emt 0:00:48]} 55. axb5 {[%emt 0:00:02]} 1/2-1/2

[Event "2nd Gujarat Open 2019"]
[Site "Ahmedabad, Gujarat"]
[Date "2019.09.25"]
[Round "6.34"]
[White "Aradhya, Garg"]
[Black "Aditya P Melani"]
[Result "1/2-1/2"]
[WhiteElo "2157"]
[BlackElo "1847"]
[Annotator "NA"]
[PlyCount "97"]
[EventDate "2019.09.22"]
[EventType "swiss"]
[EventCountry "IND"]
[SourceTitle "playchess.com"]
[Source "ChessBase"]
[SourceQuality "1"]
[TimeControl "5400+30"]

1. d4 {[%emt 0:01:08]} Nf6 {[%emt 0:00:45]} 2. c4 {[%emt 0:00:11]} e6 {[%emt 0:00:02]} 3. Nf3 {[%emt 0:00:13]} c5 {[%emt 0:01:08]} 4. d5 {[%emt 0:01:11]} exd5 {[%emt 0:00:06]} 5. cxd5 {[%emt 0:00:01]} d6 {[%emt 0:00:09]} 6. e4 {[%emt 0:00:47]} g6 {[%emt 0:00:37]} 7. h3 {[%emt 0:01:07]} Bg7 {[%emt 0:00:41]} 8. Bd3 {[%emt 0:00:07]} O-O {[%emt 0:00:33]} 9. O-O {[%emt 0:00:05]} Na6 {[%emt 0:04:05]} 10. Re1 {[%emt 0:03:28]} Nc7 {[%emt 0:04:27]} 11. Nc3 {[%emt 0:00:35]} a6 {[%emt 0:01:31]} 12. a4 {[%emt 0:02:23]} Rb8 {[%emt 0:00:02]} 13. Rb1 {[%emt 0:07:25]} b5 {[%emt 0:02:09]} 14. axb5 {[%emt 0:02:13]} axb5 15. b4 {[%emt 0:02:32]} c4 {[%emt 0:05:14]} 16. Bc2 {[%emt 0:13:19]} Ng4 {[%emt 0:17:25]} 17. Bg5 {[%emt 0:04:33]} f6 {[%emt 0:04:30]} 18. Bh4 {[%emt 0:08:12]} Ne5 {[%emt 0:00:09]} 19. Nd4 {[%emt 0:01:56]} g5 {[%emt 0:01:23]} 20. Bg3 {[%emt 0:00:04]} Bd7 {[%emt 0:00:30]} 21. Qd2 {[%emt 0:04:34]} Ra8 {[%emt 0:01:32]} 22. Ra1 {[%emt 0:01:36]} Qb8 {[%emt 0:03:42]} 23. h4 {[%emt 0:04:02]} Qb6 {[%emt 0:07:26]} 24. Nce2 {[%emt 0:02:05]} Bh6 {[%emt 0:01:43]} 25. hxg5 {[%emt 0:05:33]} fxg5 {[%emt 0:00:01]} 26. Nf5 {[%emt 0:00:32]} Bxf5 {[%emt 0:02:20]} 27. exf5 {[%emt 0:00:02]} Nf7 {[%emt 0:02:08]} 28. f6 {[%emt 0:08:04]} Qb7 {[%emt 0:04:43]} 29. Rxa8 {[%emt 0:03:27]} Qxa8 {[%emt 0:02:04]} 30. Nd4 {[%emt 0:00:28]} Re8 {[%emt 0:01:12]} 31. Nf5 {[%emt 0:02:01]} Bf8 {[%emt 0:00:55]} 32. Be4 {[%emt 0:03:14]} Rxe4 {[%emt 0:02:58]} 33. Rxe4 {[%emt 0:00:04]} Qa1+ {[%emt 0:00:04]} 34. Re1 {[%emt 0:03:38]} Qxf6 {[%emt 0:00:15]} 35. Nd4 {[%emt 0:00:22]} Bg7 {[%emt 0:06:52]} 36. Nc6 {[%emt 0:02:31]} Qb2 {[%emt 0:06:16]} 37. Qd1 {[%emt 0:01:53]} Bf6 {[%emt 0:05:09]} 38. Qf3 {[%emt 0:01:55]} Bg7 {[%emt 0:00:00]} 39. Qd1 {[%emt 0:00:00]} Bf6 {[%emt 0:01:00]} 40. Qf3 {[%emt 0:01:00]} Kg7 {[%emt 0:05:07]} 41. Kh2 {[%emt 0:01:41]} c3 {[%emt 0:00:45]} 42. Nd4 {[%emt 0:01:01]} c2 {[%emt 0:01:32]} 43. Nb3 h5 44. Kg1 h4 45. Bh2 Bc3 46. Bg3 Bf6 47. Bxh4 gxh4 48. Qg4+ Bg5 49. Re7 {Bf6 Re1+ Bg5 f4} 1/2-1/2

[Event "2nd Gujarat Open 2019"]
[Site "Ahmedabad, Gujarat"]
[Date "2019.09.25"]
[Round "6.35"]
[White "Samal Ansuman"]
[Black "Pranav, Shetty"]
[Result "0-1"]
[WhiteElo "1847"]
[BlackElo "2124"]
[Annotator "NA"]
[PlyCount "64"]
[EventDate "2019.09.22"]
[EventType "swiss"]
[EventCountry "IND"]
[SourceTitle "playchess.com"]
[Source "ChessBase"]
[SourceQuality "1"]
[TimeControl "5400+30"]

1. e4 {[%emt 0:00:40]} c5 {[%emt 0:00:00]} 2. Nc3 {[%emt 0:00:12]} a6 {[%emt 0:00:00]} 3. a4 {[%emt 0:00:05]} Nc6 {[%emt 0:00:00]} 4. g3 {[%emt 0:00:09]} g6 {[%emt 0:00:00]} 5. Bg2 {[%emt 0:00:48]} Bg7 {[%emt 0:00:01]} 6. d3 {[%emt 0:00:23]} d6 {[%emt 0:00:30]} 7. f4 {[%emt 0:00:19]} e6 {[%emt 0:02:47]} 8. Nf3 {[%emt 0:00:07]} Nge7 {[%emt 0:00:03]} 9. Be3 {[%emt 0:00:09]} Nd4 {[%emt 0:01:37]} 10. O-O {[%emt 0:00:30]} O-O {[%emt 0:04:34]} 11. Rb1 {[%emt 0:02:39]} Qa5 {[%emt 0:16:42]} 12. Bd2 {[%emt 0:11:20]} Qc7 {[%emt 0:00:59]} 13. Ne2 {[%emt 0:03:35]} Nxe2+ {[%emt 0:07:10]} 14. Qxe2 {[%emt 0:00:22]} Bd7 {[%emt 0:00:04]} 15. b3 {[%emt 0:05:49]} b5 {[%emt 0:00:17]} 16. a5 {[%emt 0:06:25]} b4 {[%emt 0:10:31]} 17. g4 {[%emt 0:02:20]} Rae8 {[%emt 0:01:00]} 18. Qf2 {[%emt 0:01:35]} f5 {[%emt 0:02:16]} 19. gxf5 {[%emt 0:02:28]} exf5 {[%emt 0:03:29]} 20. e5 {[%emt 0:02:32]} dxe5 {[%emt 0:30:46]} 21. Nxe5 {[%emt 0:01:13]} Be6 {[%emt 0:03:47]} 22. Rbe1 {[%emt 0:08:52]} Bd5 {[%emt 0:00:39]} 23. Re2 {[%emt 0:10:36]} Bxg2 {[%emt 0:03:04]} 24. Qxg2 {[%emt 0:00:21]} Rd8 {[%emt 0:02:36]} 25. Nf3 {[%emt 0:24:02]} Nc6 {[%emt 0:01:56]} 26. Rfe1 {[%emt 0:02:02]} Bf6 {[%emt 0:04:10]} 27. Re6 {[%emt 0:04:07]} Rd6 {[%emt 0:00:13]} 28. R6e2 {[%emt 0:00:00]} Rdd8 {[%emt 0:00:47]} 29. Re6 {[%emt 0:01:00]} Rd6 {[%emt 0:00:13]} 30. Qe2 {[%emt 0:02:59]} Nd4 {[%emt 0:03:08]} 31. Nxd4 {[%emt 0:00:15]} Bxd4+ {[%emt 0:00:02]} 32. Kf1 {[%emt 0:00:30]} Qc6 {[%emt 0:00:17]} 0-1

[Event "2nd Gujarat Open 2019"]
[Site "Ahmedabad, Gujarat"]
[Date "2019.09.25"]
[Round "6.36"]
[White "Barath Kalyan M"]
[Black "Rohnit G Amin"]
[Result "1-0"]
[WhiteElo "2092"]
[BlackElo "1772"]
[Annotator "NA"]
[PlyCount "47"]
[EventDate "2019.09.22"]
[EventType "swiss"]
[EventCountry "IND"]
[SourceTitle "playchess.com"]
[Source "ChessBase"]
[SourceQuality "1"]
[TimeControl "5400+30"]

1. d4 {[%emt 0:02:31]} c6 {[%emt 0:00:00]} 2. Nf3 {[%emt 0:00:19]} g6 {[%emt 0:00:05]} 3. c4 {[%emt 0:00:42]} Bg7 {[%emt 0:00:06]} 4. Nc3 {[%emt 0:00:05]} d6 {[%emt 0:00:19]} 5. e4 {[%emt 0:01:25]} Bg4 {[%emt 0:00:29]} 6. Be2 {[%emt 0:01:25]} Nd7 {[%emt 0:00:05]} 7. Be3 {[%emt 0:00:39]} a6 {[%emt 0:05:20]} 8. Qb3 {[%emt 0:02:00]} Qb6 {[%emt 0:03:02]} 9. O-O-O {[%emt 0:02:52]} Qxb3 {[%emt 0:08:51]} 10. axb3 {[%emt 0:00:06]} e6 {[%emt 0:02:58]} 11. h3 {[%emt 0:01:25]} Bxf3 {[%emt 0:00:04]} 12. Bxf3 {[%emt 0:00:05]} Ne7 {[%emt 0:00:15]} 13. g4 {[%emt 0:05:59]} O-O {[%emt 0:18:41]} 14. Bg2 {[%emt 0:01:54]} b5 {[%emt 0:06:05]} 15. Kc2 {[%emt 0:06:28]} Rfc8 {[%emt 0:07:30]} 16. f4 {[%emt 0:03:03]} d5 {[%emt 0:03:41]} 17. Ra1 {[%emt 0:06:00]} bxc4 {[%emt 0:10:02]} 18. bxc4 {[%emt 0:00:33]} Nb6 {[%emt 0:04:23]} 19. c5 {[%emt 0:01:22]} Nc4 {[%emt 0:00:02]} 20. Bf2 {[%emt 0:00:49]} Rcb8 {[%emt 0:08:10]} 21. b3 {[%emt 0:01:35]} Rxb3 {[%emt 0:00:30]} 22. Kxb3 {[%emt 0:00:30]} Rb8+ 23. Ka4 {[%emt 0:00:30]} Rb2 {[%emt 0:01:00]} 24. Ra2 {[%emt 0:01:35]} 1-0

[Event "2nd Gujarat Open 2019"]
[Site "Ahmedabad, Gujarat"]
[Date "2019.09.26"]
[Round "7.1"]
[White "Saptarshi, Roy"]
[Black "Rozum, Ivan"]
[Result "0-1"]
[WhiteElo "2480"]
[BlackElo "2596"]
[Annotator "ChessBase"]
[PlyCount "114"]
[EventDate "2019.09.22"]
[EventType "swiss"]
[EventCountry "IND"]
[SourceTitle "playchess.com"]
[Source "ChessBase"]
[SourceQuality "1"]
[TimeControl "5400+30"]

1. e4 {[%emt 0:00:00]} c6 {[%emt 0:00:31]} 2. d4 {[%emt 0:00:07]} d5 {[%emt 0:00:02]} 3. Nc3 {[%emt 0:00:06]} dxe4 {[%emt 0:00:03]} 4. Nxe4 {[%emt 0:00:05]} Nd7 {[%emt 0:00:03]} 5. Ng3 {[%emt 0:00:30]} Ngf6 {[%emt 0:01:42]} 6. Be2 e6 7. Bd3 {[%emt 0:00:43]} Be7 {[%emt 0:00:45]} 8. Nf3 {[%emt 0:01:04]} c5 {[%emt 0:00:15]} 9. O-O {[%emt 0:03:02]} O-O {[%emt 0:00:30]} 10. b3 {[%emt 0:00:37]} b6 {[%emt 0:04:04]} 11. Bb2 {[%emt 0:00:51]} Bb7 {[%emt 0:00:16]} 12. c4 {[%emt 0:01:12]} Re8 {[%emt 0:03:31]} 13. Qe2 {[%emt 0:01:36]} Qc7 {[%emt 0:02:46]} 14. Rad1 {[%emt 0:05:37]} Rac8 15. Bb1 Rcd8 {[%emt 0:03:20]} 16. dxc5 {[%emt 0:03:54]} Nxc5 {[%emt 0:01:22]} 17. Ne5 {[%emt 0:02:36]} Ncd7 {[%emt 0:10:57]} 18. Rd3 {[%emt 0:14:40]} Nxe5 {[%emt 0:02:43]} 19. Bxe5 {[%emt 0:00:48]} Qc6 {[%emt 0:00:12]} 20. Rf3 {[%emt 0:01:00]} Qc5 {[%emt 0:09:00]} 21. Re3 {[%emt 0:12:54]} Qc6 {[%emt 0:09:44]} 22. Ne4 {[%emt 0:02:22]} Nd7 {[%emt 0:05:34]} 23. Bxg7 {[%emt 0:14:22]} Kxg7 {[%emt 0:00:41]} 24. Rg3+ {[%emt 0:01:20]} Kf8 {[%emt 0:07:44]} 25. Qh5 {[%emt 0:10:08]} Bf6 {[%emt 0:00:18]} 26. Rf3 {[%emt 0:02:59]} Qxe4 {[%emt 0:07:16]} 27. Bxe4 {[%emt 0:01:16]} Bxe4 {[%emt 0:00:02]} 28. Re3 {[%emt 0:02:35]} Bg6 {[%emt 0:03:29]} 29. Qe2 {[%emt 0:01:48]} Bd4 {[%emt 0:03:07]} 30. Rg3 {[%emt 0:01:00]} Nc5 {[%emt 0:01:06]} 31. Kh1 {[%emt 0:03:40]} Ne4 {[%emt 0:04:50]} 32. Rf3 {[%emt 0:04:12]} Bc5 {[%emt 0:04:04]} 33. Rf4 {[%emt 0:01:05]} Rd4 {[%emt 0:01:42]} 34. Qe1 {[%emt 0:05:56]} e5 {[%emt 0:01:33]} 35. Rh4 {[%emt 0:00:50]} Red8 {[%emt 0:02:32]} 36. b4 {[%emt 0:01:18]} Be7 {[%emt 0:04:46]} 37. f3 {[%emt 0:00:59]} Nf2+ {[%emt 0:04:20]} 38. Qxf2 {[%emt 0:00:05]} Bxh4 {[%emt 0:00:04]} 39. g3 {[%emt 0:01:02]} Bf6 40. h4 {[%emt 0:00:53]} Rxc4 {[%emt 0:00:33]} 41. Qe3 {[%emt 0:00:10]} Rc2 {[%emt 0:01:22]} 42. Rc1 {[%emt 0:00:46]} Rd3 {[%emt 0:00:45]} 43. Qe1 {[%emt 0:00:41]} Rxf3 {[%emt 0:01:01]} 44. Rxc2 {[%emt 0:00:27]} Bxc2 {[%emt 0:00:01]} 45. Qc1 {[%emt 0:00:31]} Rc3 {[%emt 0:00:54]} 46. Kh2 {[%emt 0:00:35]} e4 {[%emt 0:00:25]} 47. Qf4 {[%emt 0:00:17]} Rc6 {[%emt 0:01:34]} 48. h5 {[%emt 0:00:06]} Re6 {[%emt 0:01:26]} 49. h6 {[%emt 0:00:15]} Be5 {[%emt 0:00:50]} 50. Qc1 {[%emt 0:00:25]} Bd3 {[%emt 0:00:21]} 51. Kg2 {[%emt 0:00:43]} Ke7 {[%emt 0:00:19]} 52. Qg5+ {[%emt 0:00:09]} Bf6 {[%emt 0:00:11]} 53. Qc1 {[%emt 0:00:42]} e3 {[%emt 0:00:20]} 54. Qc7+ {[%emt 0:00:07]} Ke8 {[%emt 0:00:13]} 55. Qc8+ {[%emt 0:00:26]} Bd8 {[%emt 0:00:08]} 56. Qc3 {[%emt 0:01:18]} e2 {[%emt 0:00:07]} 57. Qe1 {[%emt 0:00:10]} Bg5 {[%emt 0:00:31]} 0-1

[Event "2nd Gujarat Open 2019"]
[Site "Ahmedabad, Gujarat"]
[Date "2019.09.26"]
[Round "7.2"]
[White "Karthikeyan, P.."]
[Black "Chanda, Sandipan"]
[Result "1/2-1/2"]
[WhiteElo "2408"]
[BlackElo "2529"]
[Annotator "ChessBase"]
[PlyCount "95"]
[EventDate "2019.09.22"]
[EventType "swiss"]
[EventCountry "IND"]
[SourceTitle "playchess.com"]
[Source "ChessBase"]
[SourceQuality "1"]
[TimeControl "5400+30"]

1. d4 {[%emt 0:00:54]} f5 {[%emt 0:00:00]} 2. Bg5 {[%emt 0:00:47]} g6 {[%emt 0:00:01]} 3. Nd2 {[%emt 0:00:37]} Bg7 {[%emt 0:00:10]} 4. e4 {[%emt 0:00:09]} fxe4 {[%emt 0:00:14]} 5. Nxe4 {[%emt 0:00:07]} d5 {[%emt 0:00:10]} 6. Nc5 {[%emt 0:01:20]} b6 {[%emt 0:00:10]} 7. Nd3 {[%emt 0:00:05]} Nh6 {[%emt 0:01:51]} 8. Ne5 {[%emt 0:11:32]} O-O {[%emt 0:00:46]} 9. Qd2 {[%emt 0:08:49]} Nf7 {[%emt 0:02:51]} 10. Nxf7 {[%emt 0:03:15]} Rxf7 {[%emt 0:00:08]} 11. h4 {[%emt 0:01:27]} Nc6 {[%emt 0:02:45]} 12. c3 {[%emt 0:01:52]} Qd6 {[%emt 0:00:19]} 13. h5 {[%emt 0:03:37]} e5 {[%emt 0:02:02]} 14. hxg6 {[%emt 0:00:20]} hxg6 {[%emt 0:00:48]} 15. dxe5 {[%emt 0:01:42]} Qxe5+ {[%emt 0:02:31]} 16. Be3 {[%emt 0:00:50]} d4 {[%emt 0:34:48]} 17. cxd4 {[%emt 0:04:59]} Nxd4 {[%emt 0:00:21]} 18. Qxd4 {[%emt 0:05:35]} Qxd4 {[%emt 0:00:21]} 19. Bxd4 {[%emt 0:00:08]} Bxd4 {[%emt 0:00:15]} 20. Bc4 {[%emt 0:00:04]} Bxb2 {[%emt 0:02:01]} 21. Rb1 {[%emt 0:04:29]} Bf6 {[%emt 0:03:53]} 22. Ne2 {[%emt 0:07:08]} Kg7 {[%emt 0:09:27]} 23. Bxf7 {[%emt 0:01:19]} Kxf7 {[%emt 0:00:06]} 24. Rh7+ {[%emt 0:04:04]} Bg7 {[%emt 0:00:50]} 25. Rd1 {[%emt 0:06:34]} Kg8 {[%emt 0:00:26]} 26. Rh4 {[%emt 0:01:25]} Be6 {[%emt 0:00:06]} 27. Re4 {[%emt 0:01:23]} Bxa2 {[%emt 0:03:48]} 28. Rd7 {[%emt 0:00:54]} a5 {[%emt 0:00:19]} 29. Kd2 {[%emt 0:13:02]} a4 {[%emt 0:06:27]} 30. Nc3 {[%emt 0:00:32]} Bb3 {[%emt 0:00:22]} 31. Nb5 {[%emt 0:01:13]} c6 {[%emt 0:02:18]} 32. Nc7 {[%emt 0:05:55]} Rf8 {[%emt 0:01:59]} 33. Ne6 {[%emt 0:03:15]} Bxe6 {[%emt 0:04:09]} 34. Rxe6 {[%emt 0:00:02]} Rxf2+ {[%emt 0:03:12]} 35. Ke3 {[%emt 0:00:35]} Rf6 {[%emt 0:01:24]} 36. Rxf6 {[%emt 0:00:52]} Bxf6 {[%emt 0:00:04]} 37. Rd6 {[%emt 0:02:21]} Kg7 {[%emt 0:02:57]} 38. Rxc6 {[%emt 0:00:16]} a3 {[%emt 0:00:13]} 39. Rc7+ {[%emt 0:00:22]} Kh6 {[%emt 0:00:05]} 40. Ra7 {[%emt 0:00:26]} Bb2 {[%emt 0:00:04]} 41. Kd3 {[%emt 0:01:03]} Kg5 {[%emt 0:00:13]} 42. Kc2 {[%emt 0:00:33]} Kf4 {[%emt 0:02:27]} 43. Ra6 {[%emt 0:00:26]} g5 {[%emt 0:00:30]} 44. Rxb6 {[%emt 0:00:38]} Kg3 {[%emt 0:00:12]} 45. Kb3 {[%emt 0:01:25]} Kxg2 {[%emt 0:00:46]} 46. Rg6 {[%emt 0:00:06]} Bc1 {[%emt 0:00:04]} 47. Rxg5+ {[%emt 0:00:05]} Bxg5 {[%emt 0:00:02]} 48. Kxa3 {[%emt 0:00:02]} 1/2-1/2